Normal view
MARC view
- SUPERVISOR DR IMRAN SHAFI CO-SUPERVISOR DR HASAN AFTAB SAEED
Entry Corporate Name
001 - CONTROL NUMBER
- control field: 131461
003 - CONTROL NUMBER IDENTIFIER
- control field: NUST
005 - DATE AND TIME OF LATEST TRANSACTION
- control field: 20251022165324.0
008 - FIXED-LENGTH DATA ELEMENTS
- fixed length control field: 251022|| aca||aabn | a|a d
040 ## - CATALOGING SOURCE
- Original cataloging agency: NUST
- Transcribing agency: NUST
110 ## - HEADING--CORPORATE NAME
- Corporate name or jurisdiction name as entry element: SUPERVISOR DR IMRAN SHAFI CO-SUPERVISOR DR HASAN AFTAB SAEED
670 ## - SOURCE DATA FOUND
- Source citation: Work cat.: (NUST): ARIBA QURESHI MUHAMMAD AHMED KHAN NEESA MOHSIN ZOHAIR AHSAN RAJA 131460, PR-SOF-2482-Design, analysis fabrication of a testing jig for NDT of trsnstibial prostheses, 2025.
